ბათუმის შოთა რუსთაველის სახელმწიფო უნივერსიტეტის ბიბლიოთეკა

ავტოტროფული პროტისტების-"წყალმცენარეების" კვლევის მეთოდები (ბიბ.ჩანაწერი № 44591)

000 -ლიდერი
ფიქსირებული სიგრძის საკონტროლო ველი 01604nam a2200241Ia 4500
001 - საკონტროლო ნომერი
საკონტროლო ველი 11394
003 - საკონტროლო ნომრის იდენტიფიკატორი
საკონტროლო ველი GE_BSU
005 - ბოლო ოპერაციის თარიღი და დრო
საკონტროლო ველი 20251226141917.0
008 - ფიქსირებული სიგრძის მონაცემთა ელემენტები - ზოგადი ინფორმაცია
ფიქსირებული სიგრძის საკონტროლო ველი 181216s2004||||ge |||||||||||||| ||geo||
040 ## - კატალოგიზაციის წყარო
Transcribing agency GE_BSU
041 ## - ენის კოდი
Language code of text/sound track or separate title geo
080 ## - უნივერსალური ათობითი კლასიფიკაციის ინდექსი
Universal Decimal Classification number 582.26/27(075.35) შ-18
100 ## - მთავარი ჩანაწერი - პიროვნების სახელი
Personal name შაინიძე, ოთარ
9 (RLIN) 26606
245 ## - ცნობა სათაურის შესახებ
Title ავტოტროფული პროტისტების-"წყალმცენარეების" კვლევის მეთოდები
Remainder of title სახელმძღვ. ქართ. უნ-ტების ბიოლოგიისა და ბიორესურსების სტუდ. და ასპირანტებისათვის. მეთოდ. მითითებ. ლაბორატორ. სწავლების და სასწ. მეთოდ პრაქტიკისათვის /
Statement of responsibility, etc ოთარ შაინიძე,რედ. მ. დავითაძე
260 ## - გამოქვეყნების, გავრცელების, და სხვა. ცნობები
Place of publication, distribution, etc ბათუმი.
264 ## - წარმოების, გამოცემის, დისტრიბუციის და სხვა ცნობები
გამოცემის, წარმოების, დისტრიბუციის... ადგილი ბათუმის უნ-ტი.
გამოცემის, წარმოების, დისტრიბუციის... თარიღი 2004
300 ## - ფიზიკური აღწერა
Extent 198 გვ .:
Other physical details ილ.
Dimensions 21 სმ.
653 ## - INDEX TERM--UNCONTROLLED
Uncontrolled term ავტოტროფული პროტისტების-"წყალმცენარეების" კვლევის მეთოდები
653 ## - INDEX TERM--UNCONTROLLED
Uncontrolled term ბიოლოგია
700 ## - ADDED ENTRY--PERSONAL NAME
Personal name დავითაძე, მ
Relator term რედაქტორი
9 (RLIN) 26607
711 ## - ADDED ENTRY--MEETING NAME
Meeting name or jurisdiction name as entry element ბათუმის შოთა რუსთაველის სახელმწიფო უნივერსიტეტი
9 (RLIN) 26608
942 ## - ADDED ENTRY ELEMENTS (KOHA)
Koha item type წიგნი
Source of classification or shelving scheme
ეგზემპლარები
ჩამოწერის სტატუსი დაკარგული ეგზემპლარის სტატუსი კლასიფიკაციის წყარო ან თაროზე გაწყობის სქემა დაზიანების სტატუსი არ გაიცემა მუდმივი მდებარეობა (დაცვის ადგილი) ამჟამინდელი ადგილსამყოფელი თაროზე განთავსების ადგილი შეძენის თარიღი ღირებულება, შესყიდვის ნორმალური ფასი სრული შენახვის შიფრი შტრიხკოდი ბოლო ოპერაციის თარიღი ეგზემპლარის მიმდევრობითი ნომერი (კეტერი?) ფასის ძალაში შესვლის თარიღი ეგზემპლარის სახეობა საჯარო შენიშვნა
          აგრარული და მემბრანული ტექნოლოგიების ინსტიტუტის ბიბლიოთეკა აგრარული და მემბრანული ტექნოლოგიების ინსტიტუტის ბიბლიოთეკა წიგნსაცავი 2018-12-17 10.00 582.26/27(075.35) შ-18 19712 2018-12-17 19712 2018-12-17 წიგნი 10.00
          აგრარული და მემბრანული ტექნოლოგიების ინსტიტუტის ბიბლიოთეკა აგრარული და მემბრანული ტექნოლოგიების ინსტიტუტის ბიბლიოთეკა წიგნსაცავი 2018-12-17 10.00 582.26/27(075.35) შ-18 19713 2018-12-17 19713 2018-12-17 წიგნი 10.00
          აგრარული და მემბრანული ტექნოლოგიების ინსტიტუტის ბიბლიოთეკა აგრარული და მემბრანული ტექნოლოგიების ინსტიტუტის ბიბლიოთეკა წიგნსაცავი 2018-12-17 10.00 582.26/27(075.35) შ-18 19714 2018-12-17 19714 2018-12-17 წიგნი 10.00
          აგრარული და მემბრანული ტექნოლოგიების ინსტიტუტის ბიბლიოთეკა აგრარული და მემბრანული ტექნოლოგიების ინსტიტუტის ბიბლიოთეკა წიგნსაცავი 2018-12-17 10.00 582.26/27(075.35) შ-18 19715 2018-12-17 19715 2018-12-17 წიგნი 10.00
          აგრარული და მემბრანული ტექნოლოგიების ინსტიტუტის ბიბლიოთეკა აგრარული და მემბრანული ტექნოლოგიების ინსტიტუტის ბიბლიოთეკა წიგნსაცავი 2018-12-17 10.00 582.26/27(075.35) შ-18 19716 2018-12-17 19716 2018-12-17 წიგნი 10.00